Officia propia sanctorum angelopolitanae ecclesiae et dioecesis a sancta sede apostolica concessa (Record no. 8546)

MARC details
000 -CABECERA
campo de control de longitud fija 01284nam a2200205 a 4500
001 - NÚMERO DE CONTROL
campo de control BRCA_8895
005 - FECHA Y HORA DE LA ÚLTIMA TRANSACCIÓN
campo de control 20190320210441.0
008 - DATOS DE LONGITUD FIJA--INFORMACIÓN GENERAL
campo de control de longitud fija 160617s1753----mx-#######---#000-0#lat-#
041 ## - CÓDIGO DE LENGUA
Código de lengua del texto/banda sonora o título independiente lat
044 ## - CÓDIGO DEL PAÍS DE LA ENTIDAD EDITORA/PRODUCTORA
Código MARC del país mx
084 ## - OTRO NÚMERO DE CLASIFICACIÓN
Número de clasificación CO56
Número de documento/Ítem .P36 1753
100 1# - ENTRADA PRINCIPAL--NOMBRE DE PERSONA
Nombre de persona Pantaleonis Alvares de Abreu, Dominici
9 (RLIN) 22135
245 10 - MENCIÓN DE TÍTULO
Título Officia propia sanctorum angelopolitanae ecclesiae et dioecesis a sancta sede apostolica concessa
Resto del título et ad illam pro aliis Ecclesiis aprobata, à Sac. Rit. Cong Extensa: ubi toti Hispaniae, ac Archiepiscopatul Mexicano Benigne indulta, & plura de praecepto uniersali Ecclesiae ab anno Domini M.DCC. usque ad M.DCC.LIII. obligantia, pro recitantium commoditate; in hoc libello accuratè collecta traduntur
Mención de responsabilidad, etc. illustrissimi, ac Reverendissimi Domini Doct. D. Domonici Pantaleonis Alvarez de Abreu; in principio ponitus Kalendarium proprium Almae Ecclesiae & in fine Suffagia Sanctorum.
260 ## - PUBLICACIÓN, DISTRIBUCIÓN, ETC.
Lugar de publicación, distribución, etc. Mexici
Nombre del editor, distribuidor, etc. Ex sacrorum librorum typograhpia D. Mariae de Rivera
Fecha de publicación, distribución, etc. 1753
300 ## - DESCRIPCIÓN FÍSICA
Extensión CXXVIII, 148 p.
Dimensiones 20.6 x 16 cm
500 ## - NOTA GENERAL
Nota general Estado físico: presenta encuadernación en pergamino, con portada deteriorada, carece de cinta y presencia del pez de plata en canto de frente
650 14 - PUNTO DE ACCESO ADICIONAL DE MATERIA--TÉRMINO DE MATERIA
Término de materia o nombre geográfico como elemento de entrada Iglesia católica
Subdivisión cronológica Obras anteriores a 1800
9 (RLIN) 22136
902 ## - CATALOGADOR
Iniciales CFM
942 ## - ELEMENTOS DE PUNTO DE ACCESO ADICIONAL (KOHA)
Fuente del sistema de clasificación o colocación Library of Congress Classification
Tipo de ítem Koha Libros
Holdings
Estado de retiro Estado de pérdida Estado dañado No para préstamo Localización permanente Ubicación/localización actual Fecha de adquisición Total de préstamos Signatura topográfica completa Código de barras Fecha visto por última vez Precio válido a partir de Tipo de ítem Koha
El ejemplar forma parte de la colección y puede ser consultado según las políticas vigentes.       Biblioteca del Museo Franz Mayer (Rogerio Casas-Alatriste) Biblioteca del Museo Franz Mayer (Rogerio Casas-Alatriste) 16/06/2017   CO56 .P36 1753 CFM00218 22/03/2019 22/03/2019 Libros